| 000 | 00601nam a2200205Ia 4500 | ||
|---|---|---|---|
| 003 | IN-BaIIA | ||
| 008 | 211028s9999 xx 000 0 eng d | ||
| 020 | _a81-224-0670-X | ||
| 040 | _cIIA Library | ||
| 080 |
_a519.682 _bXAV |
||
| 100 |
_aXavier, C _919858 |
||
| 245 | 0 |
_aFortran 77 and numerical methods _cC. Xavier |
|
| 260 |
_aNew Delhi _bWiley Eastern _c1994 |
||
| 300 | _a527p. | ||
| 650 |
_aComputer languages _910281 |
||
| 650 |
_aFortran 7 _919859 |
||
| 650 |
_aNumerical methods _95657 |
||
| 650 | _aProgramming languages | ||
| 942 | _cBK | ||
| 999 |
_c11507 _d11507 |
||